[Event "play 4 fun"]
[Site "SchemingMind.com"]
[Date "2009.09.14"]
[Round "-"]
[White "suckatchess"]
[Black "Time Sprout"]
[Result "1-0"]
[WhiteCountry "USA"]
[BlackCountry "GBR"]
[WhiteElo "1521"]
[WhiteRD "87"]
[BlackElo "1408"]
[BlackRD "73"]
[GameID "219525"]

1. e4 Nf6 2. e5 Nd5 3. d4 e6 4. c4 Ne7 5. Nf3 d5 6. Bd3 Nbc6 7. Nc3 g6 8. Bg5 Bg7 9. Qe2 O-O 10. b3 h6
11. Bh4 g5 12. Bg3 b6 13. a3 Na5 14. Bc2 g4 15. Qd3 gxf3 16. Qh7#
1-0

[Event "play 4 fun"]
[Site "SchemingMind.com"]
[Date "2009.09.12"]
[Round "-"]
[White "suckatchess"]
[Black "memet"]
[Result "0-1"]
[WhiteCountry "USA"]
[BlackCountry "TUR"]
[WhiteElo "1455"]
[WhiteRD "81"]
[BlackElo "1808"]
[BlackRD "102"]
[GameID "219526"]

1. e4 e5 2. Nf3 Nc6 3. Bc4 Nf6 4. Ng5 d5 5. exd5 Na5 6. d6 Nxc4 7. Nxf7 Kxf7 8. dxc7 Qxc7 9. d3 Nb6 10. Bd2 Bc5
11. O-O Bg4 12. Qe1 Rhe8 13. Nc3 a6 14. Be3 Bxe3 15. fxe3 Kg8 16. Qd2 Nbd5 17. e4 Nxc3 18. Qxc3 Qxc3 19. bxc3 Rac8 20. c4 Nh5
21. Rab1 Re7 22. Rf2 Nf4 23. Kf1 Rf8
0-1

[Event "play 4 fun"]
[Site "SchemingMind.com"]
[Date "2009.09.12"]
[Round "-"]
[White "suckatchess"]
[Black "Kuku"]
[Result "0-1"]
[WhiteCountry "USA"]
[BlackCountry "POL"]
[WhiteElo "1505"]
[WhiteRD "96"]
[BlackElo "1812"]
[BlackRD "148"]
[GameID "219527"]

1. e4 c5 2. Nf3 g6 3. d4 Bg7 4. d5 d6 5. Bb5+ Bd7 6. Bxd7+ Nxd7 7. Nc3 Ngf6 8. O-O O-O 9. Bf4 Qb6 10. b3 Nh5
11. Bg5 Bxc3 12. Bxe7 Rfe8 13. Bd8 Raxd8 14. Rb1 Ne5 15. Nxe5 Bxe5 16. Qd2 Bf4 17. Qd3 Re7 18. Rbe1 Rde8 19. f3 f5 20. exf5 Rxe1
21. fxg6 c4+
0-1

[Event "play 4 fun"]
[Site "SchemingMind.com"]
[Date "2009.09.12"]
[Round "-"]
[White "catfishcore"]
[Black "suckatchess"]
[Result "0-1"]
[WhiteCountry "USA"]
[BlackCountry "USA"]
[WhiteElo "1389"]
[WhiteRD "79"]
[BlackElo "1521"]
[BlackRD "87"]
[GameID "219528"]

1. d4 Nf6 2. Bf4 d5 3. e3 e6 4. Nc3 c5 5. Nge2 Nc6 6. Ng3 Bd6 7. Nh5 O-O 8. b3 Bxf4 9. Nxf4 a6 10. Bd3 cxd4
11. exd4 Nxd4 12. h3 Qa5 13. Ne2 Nxe2 14. Kxe2 Qxc3 15. Re1 Qe5+ 16. Kd2 Qh2 17. Qf3 Bd7 18. c4 Bc6 19. Rh1 Qd6 20. Rag1 Qb4+
21. Kc2 d4 22. Qe2 b5 23. f3 Nh5 24. g4 Nf4 25. Qd2 Qxd2+ 26. Kxd2 Bxf3 27. Rh2 Nxd3 28. Kxd3 bxc4+ 29. bxc4 e5 30. Rg3 e4+
31. Kxd4 Rfd8+ 32. Ke3 g5 33. Rd2 Bd1 34. Rf2 Rd3+ 35. Kxe4 Rxg3 36. Kf5 Rf3+ 37. Rxf3 Bxf3 38. Kxg5 Rc8 39. Kf4 Bb7 40. Kf5 Rxc4
41. h4 Bc8+ 42. Kf6 Rxg4
0-1

[Event "play 4 fun"]
[Site "SchemingMind.com"]
[Date "2009.09.14"]
[Round "-"]
[White "mebalse"]
[Black "suckatchess"]
[Result "1-0"]
[WhiteCountry "URU"]
[BlackCountry "USA"]
[WhiteElo "1916"]
[WhiteRD "80"]
[BlackElo "1455"]
[BlackRD "81"]
[GameID "219529"]

1. Nf3 d5 2. e3 Nf6 3. c4 e6 4. d4 Nc6 5. a3 Bd6 6. c5 Be7 7. b4 Ne4 8. Ne5 O-O 9. Nxc6 bxc6 10. Bd3 e5
11. dxe5 Bf5 12. Bxe4 Bxe4 13. f3 Bxb1 14. Rxb1 f6 15. Bb2 fxe5 16. Bxe5 Bf6 17. Bg3 Qe7 18. Kf2 Rad8 19. Re1 Bh4 20. Qa4 Bxg3+
21. hxg3 Rf6 22. Qxa7 Rg6 23. Qb7 Qd7 24. a4 Qc8 25. Qxc8 Rxc8 26. a5 h5 27. a6 Ra8 28. Ra1 Re6 29. a7
1-0

[Event "play 4 fun"]
[Site "SchemingMind.com"]
[Date "2009.09.12"]
[Round "-"]
[White "aston294"]
[Black "suckatchess"]
[Result "0-1"]
[WhiteCountry "ENG"]
[BlackCountry "USA"]
[WhiteElo "1001"]
[WhiteRD "83"]
[BlackElo "1521"]
[BlackRD "87"]
[GameID "219530"]

1. d4 Nf6 2. Qd3 d5 3. Qb5+ Nc6 4. e3 e6 5. Nc3 Bb4 6. a3 Bxc3+ 7. bxc3 a6 8. Qb3 Qd6 9. Nf3 e5 10. dxe5 Nxe5
11. Nxe5 Qxe5 12. f4 Qe6 13. c4 O-O 14. cxd5 Nxd5 15. Bc4 Qf6 16. Qd3 Qxa1 17. Bxd5 Qxc1+ 18. Ke2 Qxh1 19. e4 Bg4+ 20. Kf2 Rad8
21. h3 c6 22. hxg4 cxd5 23. exd5 Rfe8 24. c4 Qh4+ 25. g3 Qh2+ 26. Kf3 Qh1+ 27. Kf2 Re1 28. f5 Qg1+ 29. Kf3 Rf1+ 30. Ke4 Re8#
0-1

[Event "play 4 fun"]
[Site "SchemingMind.com"]
[Date "2009.09.14"]
[Round "-"]
[White "Time Sprout"]
[Black "suckatchess"]
[Result "0-1"]
[WhiteCountry "GBR"]
[BlackCountry "USA"]
[WhiteElo "1408"]
[WhiteRD "73"]
[BlackElo "1521"]
[BlackRD "87"]
[GameID "219531"]

1. e4 e6 2. e5 d6 3. d4 dxe5 4. dxe5 Nc6 5. f4 Qxd1+ 6. Kxd1 Bc5 7. Nf3 Nge7 8. Nc3 O-O 9. b3 a5 10. Ne4 Nd4
11. Nxc5 Rd8 12. Nd2 Nd5 13. Bb2 Nxf4 14. Nde4 Nxb3+ 15. Nd2 Nxc5 16. g3 Ne4 17. Bc1 Nf2+ 18. Ke1 Nxh1 19. Ne4 Ng6 20. Bb2 Rd5
21. Bg2 Nxe5 22. Bxh1 Rb5
0-1

[Event "play 4 fun"]
[Site "SchemingMind.com"]
[Date "2009.09.12"]
[Round "-"]
[White "memet"]
[Black "suckatchess"]
[Result "1-0"]
[WhiteCountry "TUR"]
[BlackCountry "USA"]
[WhiteElo "1808"]
[WhiteRD "167"]
[BlackElo "1505"]
[BlackRD "96"]
[GameID "219532"]

1. e4 c5 2. Nf3 d6 3. d4 Nf6 4. Bg5 Nc6 5. Bb5 Bd7 6. Bxc6 Bxc6 7. d5 Qa5+ 8. Bd2 Qb5 9. dxc6 Nxe4 10. cxb7 Qxb7
11. c4 Qxb2 12. Qa4+ Kd8 13. Ba5+
1-0

[Event "play 4 fun"]
[Site "SchemingMind.com"]
[Date "2009.09.12"]
[Round "-"]
[White "Kuku"]
[Black "suckatchess"]
[Result "0-1"]
[WhiteCountry "POL"]
[BlackCountry "USA"]
[WhiteElo "1652"]
[WhiteRD "111"]
[BlackElo "1437"]
[BlackRD "89"]
[GameID "219533"]

1. d4 Nf6 2. c4 e6 3. Nf3 Bb4+ 4. Bd2 Nc6 5. Nc3 d5 6. e3 Bxc3 7. bxc3 O-O 8. cxd5 Qxd5 9. c4 Qe4 10. Bc3 b6
11. Bd3 Qg4 12. O-O Rd8 13. h3 Qh5 14. Nd2 Ba6 15. Qxh5 Nxh5 16. Bc2 Nf6 17. Ba4 Ne7 18. Bb5 Bb7 19. Bb4 Nf5 20. g4 Nd6
21. Ba4 a5 22. Bc3 Ba6 23. Bb3 b5 24. cxb5 Bxb5 25. Rfc1 Nde4 26. Nxe4 Nxe4 27. Bb2 a4 28. Bc2 Nd2 29. Bc3 Nf3+ 30. Kg2 Bc6
31. Kg3 Ng5 32. Bd3 e5 33. Bc4 Ne4+ 34. Kh2 Nxf2 35. Rf1 Ne4 36. Bxf7+ Kh8 37. Bb4 exd4 38. exd4 Rxd4
0-1

[Event "play 4 fun"]
[Site "SchemingMind.com"]
[Date "2009.09.14"]
[Round "-"]
[White "jtrochez1"]
[Black "catfishcore"]
[Result "1-0"]
[WhiteCountry "HON"]
[BlackCountry "USA"]
[WhiteElo "1629"]
[WhiteRD "54"]
[BlackElo "1389"]
[BlackRD "79"]
[GameID "219644"]

1. e4 e5 2. Nf3 d6 3. h3 a6 4. d4 Nf6 5. Bg5 Qd7 6. Bxf6 gxf6 7. d5 h6 8. Nc3 f5 9. Bd3 Rg8 10. Nh4 f4
11. f3 Qe7 12. Qe2 Bd7 13. Nf5 Bxf5 14. exf5 f6 15. O-O-O Qf7 16. Be4 Nd7 17. Rhg1 Qe7 18. Bd3 Qf7 19. Kb1 Rg7 20. Qf2 Nb6
21. g4 Nxd5 22. Nxd5 Qd7 23. Nxf6+ Kd8 24. Nxd7 Kxd7 25. Bc4 Re8 26. Qa7 h5 27. Qxb7
1-0

[Event "play 4 fun"]
[Site "SchemingMind.com"]
[Date "2009.09.14"]
[Round "-"]
[White "jtrochez1"]
[Black "mebalse"]
[Result "0-1"]
[WhiteCountry "HON"]
[BlackCountry "URU"]
[WhiteElo "1538"]
[WhiteRD "49"]
[BlackElo "1924"]
[BlackRD "80"]
[GameID "219645"]

1. e4 e6 2. d4 c5 3. e5 cxd4 4. Qxd4 Nc6 5. Qf4 Nge7 6. Nf3 Ng6 7. Qe3 Ncxe5 8. Nxe5 Qa5+ 9. Bd2 Qxe5 10. Qxe5 Nxe5
11. Be2 b6 12. Be3 Bb7 13. f3 d5 14. c3 Nc4 15. Bc1 Bc5 16. Nd2 Ne3 17. Bf1 Nc2+ 18. Kd1 Nxa1 19. Bd3 d4 20. cxd4 Bxd4
21. Ke2 Rc8 22. Ne4 Bxe4 23. fxe4 e5 24. b4 Nc2 25. a3 Ke7 26. Rd1 f6 27. Kd2 Be3+ 28. Ke2 Bxc1 29. Rxc1 Nd4+ 30. Kd1 Rxc1+
31. Kxc1 Rc8+ 32. Kb1 Rc3 33. Ba6 Rxa3 34. b5 Re3 35. Bb7 Nxb5
0-1

[Event "play 4 fun"]
[Site "SchemingMind.com"]
[Date "2009.09.14"]
[Round "-"]
[White "jtrochez1"]
[Black "aston294"]
[Result "1-0"]
[WhiteCountry "HON"]
[BlackCountry "ENG"]
[WhiteElo "1629"]
[WhiteRD "54"]
[BlackElo "1001"]
[BlackRD "83"]
[GameID "219646"]

1. e4 e5 2. Bc4 c5 3. Nf3 d6 4. d3 Bg4 5. Nc3 f5 6. exf5 Bxf5 7. O-O d5 8. Bxd5 Nf6 9. Bxb7 e4 10. dxe4 Bxe4
11. Nxe4 Nxe4 12. Bxa8 Qxd1 13. Rxd1 Be7 14. Bxe4 Nd7 15. Bc6 g5 16. Rxd7 Rf8 17. Bxg5
1-0

[Event "play 4 fun"]
[Site "SchemingMind.com"]
[Date "2009.09.14"]
[Round "-"]
[White "jtrochez1"]
[Black "Time Sprout"]
[Result "0-1"]
[WhiteCountry "HON"]
[BlackCountry "GBR"]
[WhiteElo "1530"]
[WhiteRD "51"]
[BlackElo "1448"]
[BlackRD "77"]
[GameID "219647"]

1. e4 e5 2. Bc4 Nf6 3. d3 d6 4. h3 g6 5. Bg5 Bg7 6. Nc3 h6 7. Be3 O-O 8. Nf3 Nc6 9. O-O a6 10. a3 b5
11. Bd5 Bb7 12. Ne2 Nxd5 13. Bd2 Nf6 14. Qc1 g5 15. Nxg5 hxg5 16. Bxg5 Nd4 17. Nxd4 Qd7 18. Nf5 Ne8 19. Be7 f6 20. Bxf8 Kxf8
21. Nxg7 Qxg7 22. f4 Ke7 23. f5 c5 24. Qe3 Qg5 25. Rf3 Qxe3+ 26. Rxe3 Nc7 27. g4 c4 28. Rg3 d5 29. g5 fxg5 30. Rxg5 Ne8
31. Rf1 dxe4 32. dxe4 Bxe4 33. c3 Bd3 34. Rf2 Rd8 35. h4 Kf6 36. Rg6+ Kf7 37. h5 Be4 38. Kf1 Rd1+ 39. Ke2 Rh1 40. Rh6 Bd3+
41. Kd2 Nf6 42. Rg2 Ne4+ 43. Ke3 Rh3+
0-1

[Event "play 4 fun"]
[Site "SchemingMind.com"]
[Date "2009.09.14"]
[Round "-"]
[White "jtrochez1"]
[Black "suckatchess"]
[Result "1-0"]
[WhiteCountry "HON"]
[BlackCountry "USA"]
[WhiteElo "1610"]
[WhiteRD "50"]
[BlackElo "1455"]
[BlackRD "81"]
[GameID "219648"]

1. e4 e5 2. Nf3 Nc6 3. Bc4 Bc5 4. O-O Qe7 5. c3 d6 6. d3 Nf6 7. Bg5 Be6 8. Nbd2 O-O 9. Bxe6 Qxe6 10. Bxf6 Qxf6
11. Qe2 Rfe8 12. Nb3 Rad8 13. Rad1 b6 14. d4 exd4 15. cxd4 Bb4 16. d5 Ne5 17. Nxe5 Rxe5 18. a3 Bc5 19. Nxc5 dxc5 20. f3 Ra8
21. f4 Ree8 22. e5 Qf5 23. g4 Qd7 24. f5
1-0

[Event "play 4 fun"]
[Site "SchemingMind.com"]
[Date "2009.09.14"]
[Round "-"]
[White "jtrochez1"]
[Black "memet"]
[Result "0-1"]
[WhiteCountry "HON"]
[BlackCountry "TUR"]
[WhiteElo "1538"]
[WhiteRD "49"]
[BlackElo "1624"]
[BlackRD "78"]
[GameID "219649"]

1. e4 e5 2. Bc4 Nf6 3. d3 d5 4. exd5 Nxd5 5. h3 Nb6 6. Bb3 Be7 7. Nf3 Nc6 8. c3 a5 9. O-O Bf5 10. Bc2 g5
11. Re1 f6 12. Be3 Nd5 13. Bd2 Qd7 14. Nh2 Bxh3 15. f3 Nf4 16. Bxf4 gxf4 17. Bb3 a4 18. Bc2 Rg8 19. Re2 Bc5+ 20. Kh1 Bf5
21. a3 b5 22. d4 Bd6 23. Bxf5 Qg7 24. Nd2 h5 25. d5 Ne7 26. Be6 Rh8 27. b4 h4 28. Ne4 h3 29. Nxd6+ cxd6 30. Bxh3 Qh6
31. Ng4 Qh4 32. Qd3 Kf7 33. Qxb5 Nf5 34. Qd7+ Ne7 35. Qxd6 Rae8 36. Qd7 Kg6 37. c4 Nf5 38. Nxe5+ Rxe5 39. Rxe5 Ng3+ 40. Kg1 fxe5
41. Qe6+ Qf6 42. Qxf6+ Kxf6 43. Kf2 e4 44. Rc1 e3+ 45. Ke1 Ke5 46. b5 Nf5 47. Ke2 Nd4+ 48. Kd3 Nxf3 49. gxf3 Rxh3 50. Ke2 Kd4
51. d6 Rh2+ 52. Kd1 Kd3 53. Rc3+ Kxc3 54. Ke1 Kd3
0-1

[Event "play 4 fun"]
[Site "SchemingMind.com"]
[Date "2009.09.14"]
[Round "-"]
[White "jtrochez1"]
[Black "Kuku"]
[Result "1/2-1/2"]
[WhiteCountry "HON"]
[BlackCountry "POL"]
[WhiteElo "1629"]
[WhiteRD "54"]
[BlackElo "1832"]
[BlackRD "115"]
[GameID "219650"]

1. e4 c5 2. Nf3 g6 3. Bc4 Bg7 4. Nc3 Nc6 5. O-O d6 6. Ng5 e6 7. Nf3 Nf6 8. d4 cxd4 9. Nxd4 Nxe4 10. Nxc6 Nxc3
11. Nxd8 Nxd1 12. Nxf7 Kxf7 13. Rxd1 d5 14. Be2 Bd7 15. c3 Rhf8 16. Rb1 Rac8 17. f3 Ba4 18. b3 Bd7 19. Bb2 a6 20. c4 Bc6
21. Bxg7 Kxg7 22. Rb2 Rcd8 23. Rbd2 Rd7 24. h3 Rfd8 25. Kf1 d4 26. Bd3 e5=
1/2-1/2

[Event "play 4 fun"]
[Site "SchemingMind.com"]
[Date "2009.09.16"]
[Round "-"]
[White "catfishcore"]
[Black "jtrochez1"]
[Result "0-1"]
[WhiteCountry "USA"]
[BlackCountry "HON"]
[WhiteElo "1398"]
[WhiteRD "83"]
[BlackElo "1610"]
[BlackRD "50"]
[GameID "219651"]

1. d4 Nf6 2. Nf3 Nc6 3. e3 d5 4. h3 e6 5. Bb5 Bd7 6. a4 Bd6 7. c3 a6 8. Bd3 O-O 9. Nfd2 e5 10. dxe5 Nxe5
11. Be2 Qc8 12. b3 Be6 13. Nf3 Nxf3+ 14. Bxf3 c6 15. O-O Bxh3 16. Re1 Bg4 17. Nd2 Be6 18. Nf1 Rd8 19. Qc2 Re8 20. Be2 Bf8
21. Bb2 Qc7 22. g3 Bg4 23. Bd3 Bf3 24. c4 Be4 25. Bxe4 Nxe4 26. cxd5 c5 27. Kg2 Nd6 28. Bc3 b5 29. axb5 Nxb5 30. Bd2 Nd6
31. Bc3 f5 32. Nd2 Ne4 33. Nxe4 fxe4 34. Red1 Qd6 35. Ra5 g6 36. Qe2 Bg7 37. Be1 Bf6 38. Qc4 Bd8 39. Rxc5 Bb6 40. Rc6 Qf8
41. Bc3 Qf3+ 42. Kh3 Qxd1 43. d6+ Kf8 44. Rxb6 Qh5+ 45. Kg2 Qf3+ 46. Kf1 Qd1+ 47. Be1 Qd3+ 48. Qxd3 exd3 49. d7 Red8 50. Rd6 a5
51. Bd2 Ra7 52. Rf6+ Ke7 53. Bc3 Rdxd7 54. Ke1 Rac7 55. Kd2 Rxc3 56. Ra6 Rxb3 57. Rxa5 Rc7
0-1

[Event "play 4 fun"]
[Site "SchemingMind.com"]
[Date "2009.09.16"]
[Round "-"]
[White "mebalse"]
[Black "jtrochez1"]
[Result "1-0"]
[WhiteCountry "URU"]
[BlackCountry "HON"]
[WhiteElo "1924"]
[WhiteRD "80"]
[BlackElo "1538"]
[BlackRD "49"]
[GameID "219652"]

1. c4 Nf6 2. Nc3 e5 3. b3 c5 4. Bb2 d6 5. Nd5 Nxd5 6. cxd5 Bf5 7. f3 e4 8. f4 f6 9. e3 a6 10. g4 Bg6
11. f5 Bf7 12. Bg2 Bxd5 13. Ne2 Bc6 14. Qc2 d5 15. Nf4 Bd7 16. Nxd5 Bc6 17. Nf4 Bd5 18. Bxe4 Bf7 19. Bxb7 Ra7 20. Bf3 Be7
21. Kf2 O-O 22. d4 cxd4 23. Bxd4 Rc7 24. Qd3 Nd7 25. Rhd1 a5 26. Bc3 Bb4 27. Bxb4 axb4 28. Ne6 Bxe6 29. fxe6 Qe7 30. exd7 Rd8
31. Bd5+ Kh8 32. Bc4 Rcxd7 33. Qe2 Rxd1 34. Rxd1 Rxd1 35. Qxd1 g5 36. Qd5 Qf8 37. e4 Kg7 38. Ke3 h6 39. e5 fxe5 40. Qxe5+ Qf6
41. Kd4 Qxe5+ 42. Kxe5 Kg6 43. Bd3+ Kg7 44. Ke6 Kf8 45. Kf6
1-0

[Event "play 4 fun"]
[Site "SchemingMind.com"]
[Date "2009.09.16"]
[Round "-"]
[White "aston294"]
[Black "jtrochez1"]
[Result "0-1"]
[WhiteCountry "ENG"]
[BlackCountry "HON"]
[WhiteElo "1001"]
[WhiteRD "83"]
[BlackElo "1629"]
[BlackRD "54"]
[GameID "219653"]

1. d4 Nf6 2. Nc3 d5 3. Nf3 Nc6 4. e3 Bg4 5. h3 Bxf3 6. Qxf3 e6 7. Nb5 a6 8. Nc3 Bb4 9. a3 Bxc3+ 10. bxc3 O-O
11. Bd3 e5 12. dxe5 Nxe5 13. Qf4 Ng6 14. Qb4 Qc8 15. Bf5 Qxf5 16. g4 Qxc2 17. g5 Ne4 18. Qxb7 Qxf2+ 19. Kd1 Nxc3#
0-1

[Event "play 4 fun"]
[Site "SchemingMind.com"]
[Date "2009.09.16"]
[Round "-"]
[White "Time Sprout"]
[Black "jtrochez1"]
[Result "0-1"]
[WhiteCountry "GBR"]
[BlackCountry "HON"]
[WhiteElo "1437"]
[WhiteRD "77"]
[BlackElo "1538"]
[BlackRD "49"]
[GameID "219654"]

1. e4 e5 2. Nf3 d6 3. d4 exd4 4. Nxd4 Nc6 5. c3 Be7 6. Bc4 Nf6 7. Nd2 Nxd4 8. cxd4 c6 9. e5 dxe5 10. dxe5 Nd5
11. O-O Be6 12. Qc2 Qb6 13. b3 Nb4 14. Qe4 Nd5 15. Nf3 O-O-O 16. Bb2 Nc7 17. Bd4 c5 18. Be3 Nd5 19. Rad1 Qc6 20. Ng5 Bxg5
21. f4 Nxe3 22. Qxe3 Bxc4 23. bxc4 Be7 24. Qh3+ Kb8 25. Qf5 Rxd1 26. Rxd1 Qe6 27. Qxe6 fxe6 28. Rd7 Re8 29. g4 Kc8 30. Rd3 Rd8
31. Ra3 a6 32. f5 exf5 33. gxf5 Rd4 34. Rc3 h5 35. Rg3 Bf8 36. f6 Rg4 37. Kg2 Rxg3+ 38. Kxg3 g6 39. Kh4 Bh6 40. f7 Kd7
41. f8=Q Bxf8 42. Kg5 b5
0-1

[Event "play 4 fun"]
[Site "SchemingMind.com"]
[Date "2009.09.16"]
[Round "-"]
[White "suckatchess"]
[Black "jtrochez1"]
[Result "0-1"]
[WhiteCountry "USA"]
[BlackCountry "HON"]
[WhiteElo "1455"]
[WhiteRD "81"]
[BlackElo "1610"]
[BlackRD "50"]
[GameID "219655"]

1. e4 e5 2. Nf3 d6 3. d4 Bg4 4. Bb5+ c6 5. Bc4 d5 6. exd5 cxd5 7. Bb5+ Nc6 8. Nc3 e4 9. Qe2 Ne7 10. Nxe4 dxe4
11. Qxe4 Bxf3 12. Bxc6+ bxc6 13. gxf3 Qa5+ 14. c3 Qd5 15. Qe2 Qe6 16. Be3 g6 17. O-O-O Nf5 18. Rhg1 Bg7 19. Kb1 O-O 20. Qd3 a5
0-1

[Event "play 4 fun"]
[Site "SchemingMind.com"]
[Date "2009.09.16"]
[Round "-"]
[White "memet"]
[Black "jtrochez1"]
[Result "1-0"]
[WhiteCountry "TUR"]
[BlackCountry "HON"]
[WhiteElo "1808"]
[WhiteRD "102"]
[BlackElo "1610"]
[BlackRD "50"]
[GameID "219656"]

1. e4 e5 2. Nf3 d6 3. d4 Bg4 4. dxe5 Bxf3 5. Qxf3 Nc6 6. Bc4 Nxe5 7. Qb3 Nxc4 8. Qxc4 Be7 9. Nc3 c6 10. Bf4 Nf6
11. O-O O-O 12. Rad1 Ne8 13. e5 Kh8 14. Qe2 d5 15. Qh5 g6 16. Qg4 f5 17. exf6 Nxf6 18. Qe6 Ng8 19. Be5+ Bf6 20. Rfe1 Qe7
21. Qxe7 Nxe7 22. Bxf6+ Rxf6 23. Rxe7 Rb8 24. Rde1 Kg8 25. Re8+ Rxe8 26. Rxe8+ Kg7 27. Re7+ Rf7 28. Rxf7+ Kxf7 29. b4 b5 30. a4 a6
31. axb5 axb5 32. f4 Kf6 33. Kf2 h5 34. Kf3 g5 35. fxg5+ Kxg5 36. Ke3 h4 37. Kd4
1-0

[Event "play 4 fun"]
[Site "SchemingMind.com"]
[Date "2009.09.16"]
[Round "-"]
[White "Kuku"]
[Black "jtrochez1"]
[Result "0-1"]
[WhiteCountry "POL"]
[BlackCountry "HON"]
[WhiteElo "1832"]
[WhiteRD "115"]
[BlackElo "1629"]
[BlackRD "54"]
[GameID "219657"]

1. d4 Nf6 2. c4 e6 3. Nf3 h6 4. Nc3 c6 5. e4 d6 6. Bf4 Nbd7 7. Bd3 Nh7 8. Qc2 Ng5 9. Qd2 Be7 10. d5 e5
11. dxc6 bxc6 12. Be3 Nxf3+ 13. gxf3 Nc5 14. Bxc5 dxc5 15. f4 Bf6 16. fxe5 Bxe5 17. O-O-O Qc7 18. Rhg1 Bf4
0-1

[Event "play 4 fun"]
[Site "SchemingMind.com"]
[Date "2009.09.16"]
[Round "-"]
[White "Phillip Beckett"]
[Black "jtrochez1"]
[Result "0-1"]
[WhiteCountry "ENG"]
[BlackCountry "HON"]
[WhiteElo "1674"]
[WhiteRD "64"]
[BlackElo "1610"]
[BlackRD "50"]
[GameID "219711"]

1. d4 Nf6 2. e3 e6 3. Bd3 d5 4. f4 Bd7 5. Nf3 Nc6 6. c3 h6 7. O-O Be7 8. Ne5 Nxe5 9. fxe5 Ne4 10. Nd2 Nxd2
11. Bxd2 O-O 12. e4 c6 13. exd5 cxd5 14. Qg4 Bg5 15. Be1 Be8 16. h4 Be3+ 17. Kh1 f5 18. exf6 Rxf6 19. Rxf6 Qxf6 20. Bg3 h5
21. Qf3 Qxf3 22. gxf3 Bc6 23. Re1 Bh6 24. Rxe6 Kf7 25. Re2 Re8 26. Bg6+ Kxg6 27. Rxe8 Bxe8 28. b3 a5 29. a4 Bd2 30. c4 dxc4
31. bxc4 Bxa4 32. c5 Bc6 33. Kg2 a4 34. Kf2 a3
0-1

[Event "play 4 fun"]
[Site "SchemingMind.com"]
[Date "2009.09.15"]
[Round "-"]
[White "Phillip Beckett"]
[Black "catfishcore"]
[Result "1-0"]
[WhiteCountry "ENG"]
[BlackCountry "USA"]
[WhiteElo "1671"]
[WhiteRD "61"]
[BlackElo "1389"]
[BlackRD "79"]
[GameID "219712"]

1. e4 e5 2. Nf3 Nc6 3. Bb5 Nd4 4. Nxd4 exd4 5. c3 a6 6. Ba4 b5 7. Bc2 Qf6 8. O-O Bb7 9. e5 Qc6 10. f3 Qd5
11. Be4 Qxe5 12. Bxb7 Ra7 13. Re1 Qxe1+ 14. Qxe1+ Ne7 15. Bd5 dxc3 16. dxc3 g6 17. Bg5 Kd8 18. Bxf7 h6 19. Bxe7+ Bxe7 20. Nd2 Bc5+
21. Kh1 g5 22. Nb3 Bd6 23. Rd1 Rf8 24. Bh5 a5 25. Nd4 Rb7 26. Qe4 c6 27. Nxc6+ dxc6 28. Rxd6+ Kc7 29. Qxc6+ Kb8 30. Rd7 Rxd7
31. Qxd7 b4 32. Qd6+
1-0

[Event "play 4 fun"]
[Site "SchemingMind.com"]
[Date "2009.09.16"]
[Round "-"]
[White "Phillip Beckett"]
[Black "mebalse"]
[Result "0-1"]
[WhiteCountry "ENG"]
[BlackCountry "URU"]
[WhiteElo "1671"]
[WhiteRD "61"]
[BlackElo "1864"]
[BlackRD "81"]
[GameID "219713"]

1. e4 d5 2. exd5 Qxd5 3. Nf3 Nf6 4. Nc3 Qa5 5. Be2 Bf5 6. O-O e6 7. d3 Nbd7 8. Nd4 c6 9. Nb3 Qc7 10. g3 Bd6
11. Bf3 O-O 12. Bg5 h6 13. Be3 Ne5 14. Bg2 Neg4 15. Ne4 Nxe4 16. dxe4 Nxe3 17. fxe3 Bg6 18. Nd4 Rad8 19. Qe2 a6 20. c3 Rd7
21. Nc2 Be5 22. Nd4 Rfd8 23. Rad1 c5 24. Nf3 Bxe4 25. Nxe5 Qxe5 26. Rxd7 Rxd7 27. Bxe4 Qxe4 28. Kf2 Qf5+ 29. Kg2 Qd5+ 30. Qf3 Qxa2
31. Rf2 Qd5 32. Qxd5 exd5 33. Rf5 a5 34. Kf3 a4 35. Kf4 f6 36. e4 d4 37. cxd4 cxd4 38. Rd5 g5+ 39. Kf3 Rxd5 40. exd5 f5
41. Ke2 f4 42. gxf4 gxf4 43. Kf3 d3 44. d6 Kf7 45. Kf2 Ke6 46. Ke1 f3 47. Kf2 d2
0-1

[Event "play 4 fun"]
[Site "SchemingMind.com"]
[Date "2009.09.15"]
[Round "-"]
[White "Phillip Beckett"]
[Black "aston294"]
[Result "1-0"]
[WhiteCountry "ENG"]
[BlackCountry "ENG"]
[WhiteElo "1671"]
[WhiteRD "61"]
[BlackElo "1001"]
[BlackRD "83"]
[GameID "219714"]

1. e4 e5 2. Nf3 Nf6 3. Nxe5 Nc6 4. Nxc6 bxc6 5. d3 Qe7 6. Be2 d5 7. exd5 cxd5 8. O-O Bg4 9. Bxg4 Nxg4 10. Re1 Qxe1+
11. Qxe1+ Kd7 12. Qa5 a6 13. Qxd5+ Ke7 14. Bg5+ f6 15. Qe4+ Kd7 16. Qxa8 Ne5 17. Qd5+ Ke7 18. Qxe5+ Kd7 19. Qd5+ Ke7 20. Bf4 g5
21. Bg3
1-0

[Event "play 4 fun"]
[Site "SchemingMind.com"]
[Date "2009.09.16"]
[Round "-"]
[White "Phillip Beckett"]
[Black "Time Sprout"]
[Result "1-0"]
[WhiteCountry "ENG"]
[BlackCountry "GBR"]
[WhiteElo "1643"]
[WhiteRD "65"]
[BlackElo "1419"]
[BlackRD "78"]
[GameID "219715"]

1. e4 e5 2. Nf3 d6 3. d4 Nd7 4. dxe5 dxe5 5. Bc4 Ngf6 6. O-O Nxe4 7. Re1 Nd6 8. Nxe5 Nxe5 9. Rxe5+ Be7 10. Bb3 f6
11. Re1 Rf8 12. Qh5+ g6 13. Qxh7 Nf7 14. Nc3 Qd4 15. Be3 Qe5 16. Bh6 Qd4 17. Bxf8
1-0

[Event "play 4 fun"]
[Site "SchemingMind.com"]
[Date "2009.09.15"]
[Round "-"]
[White "Phillip Beckett"]
[Black "suckatchess"]
[Result "1/2-1/2"]
[WhiteCountry "ENG"]
[BlackCountry "USA"]
[WhiteElo "1674"]
[WhiteRD "64"]
[BlackElo "1455"]
[BlackRD "81"]
[GameID "219716"]

1. e4 e5 2. Nf3 Nc6 3. Bb5 Nf6 4. d3 Bb4+ 5. c3 Bc5 6. O-O Ng4 7. h3 Nxf2 8. Rxf2 Bxf2+ 9. Kxf2 d6 10. Bg5 Qd7
11. Nbd2 a6 12. Ba4 O-O 13. Nf1 b5 14. Bc2 a5 15. Ng3 d5 16. Qe2 d4 17. cxd4 Nxd4 18. Nxd4 Qxd4+ 19. Be3 Qxb2 20. Rb1 Qxa2
21. Nf5 Qe6 22. Bb3 Qf6 23. Qf3 a4 24. Bd5 c6 25. Ba2 Rd8 26. Bc5 Bxf5 27. exf5 Qh4+ 28. Kg1 Rac8 29. f6 Qxf6 30. Qe4 Qf4
31. Qxf4 exf4 32. d4 Re8 33. Kf2 Re3 34. Rd1 Rce8 35. Bb1 f3 36. d5 Rc3 37. Bb4 Re2+ 38. Kg1 Rxg2+ 39. Kh1 Re3=
1/2-1/2

[Event "play 4 fun"]
[Site "SchemingMind.com"]
[Date "2009.09.15"]
[Round "-"]
[White "Phillip Beckett"]
[Black "memet"]
[Result "0-1"]
[WhiteCountry "ENG"]
[BlackCountry "TUR"]
[WhiteElo "1643"]
[WhiteRD "65"]
[BlackElo "1808"]
[BlackRD "167"]
[GameID "219717"]

1. e4 e5 2. Nf3 Nc6 3. Bb5 a6 4. Bxc6 dxc6 5. d4 exd4 6. Qxd4 Qe7 7. O-O Bg4 8. Bg5 f6 9. Bh4 Bxf3 10. gxf3 Nh6
11. Nc3 Rd8 12. Qe3 Qb4 13. e5 Qxh4 14. exf6+ Kf7 15. fxg7 Bxg7 16. f4 Bxc3 17. bxc3 Rhg8+ 18. Kh1 Nf5 19. Qf3 Rd2
0-1

[Event "play 4 fun"]
[Site "SchemingMind.com"]
[Date "2009.09.15"]
[Round "-"]
[White "Phillip Beckett"]
[Black "Kuku"]
[Result "0-1"]
[WhiteCountry "ENG"]
[BlackCountry "POL"]
[WhiteElo "1643"]
[WhiteRD "65"]
[BlackElo "1812"]
[BlackRD "148"]
[GameID "219718"]

1. e4 c5 2. Nf3 g6 3. d4 Bg7 4. Nc3 Qa5 5. Be2 Nc6 6. Be3 Nf6 7. e5 Nd5 8. Qd2 Nxe3 9. fxe3 cxd4 10. exd4 O-O
11. O-O d6 12. exd6 exd6 13. d5 Ne5 14. Ne4 Nxf3+ 15. Bxf3 Qxd2 16. Nxd2 Bxb2 17. Rab1 Be5 18. Ne4 f5 19. Nd2 b6 20. Nc4 Ba6
21. Nxe5 Bxf1 22. Nd7 Rf7 23. Nxb6 axb6 24. Rxf1 Rxa2 25. Bd1 Re7 26. c4 Re4 27. h3 Rb2
0-1